Media and Education / (Record no. 160461)

MARC details
000 -LEADER
fixed length control field 00637nam a22001937a 4500
005 - DATE AND TIME OF LATEST TRANSACTION
control field 20190130145925.0
010 ## - LCCN (DPL NO)
LC control number ENG-124704
020 ## - INTERNATIONAL STANDARD BOOK NUMBER
International Standard Book Number 9789384139858
Terms of availability 1350.00
035 ## - SYSTEM CONTROL NUMBER
System control number EN-108236
037 ## - SOURCE OF ACQUISITION
Source of stock number/acquisition DBAD/PUB
082 ## - DEWEY DECIMAL CLASSIFICATION NUMBER
Classification number 371.333
100 ## - MAIN ENTRY--PERSONAL NAME
Personal name Saryawanshi,Milind
245 ## - TITLE STATEMENT
Title Media and Education /
Statement of responsibility, etc by Milind Suryawanshi
260 ## - PUBLICATION, DISTRIBUTION, ETC. (IMPRINT)
Place of publication, distribution, etc Kanpur
Name of publisher, distributor, etc Gaurav Books
Date of publication, distribution, etc 2018
270 ## - ADDRESS
Address 132,2nd Floor,Shivram Kripa,Mayur Park,Basant Vihar,
City Kanpur
Postal code 208021
Telephone number 0512-2634444,
Electronic mail address gauravbooks581@gmail.com
300 ## - PHYSICAL DESCRIPTION
Extent 340 p.
Dimensions 22cm.(Hb)
500 ## - GENERAL NOTE
General note It includes bibliographical index
942 ## - ADDED ENTRY ELEMENTS (KOHA)
Source of classification or shelving scheme Dewey Decimal Classification
Item type English Books
Call number suffix SUR
Classification part 371.333
Holdings
Withdrawn status Lost status Not for loan Collection code Home library Current library Date acquired Source of acquisition Cost, normal purchase price Full call number Barcode Copy number Cost, replacement price Koha item type
    Not For Loan Non-fiction D.B.Act.Division Patel Nagar 30/01/2019 DBAD/PUB 1350.00 371.333 SUR EN-108236 1 1350.00 English Books

© Delhi Public Library
Hit Counter
free hit counter